000 00348nam a2200157Ia 4500
003 0STCL
008 150530s9999 xx 000 0 und d
040 _aSTCL
_cSTCL
100 _aHerbert Paul, W.
245 _aMatthew Arnold
260 _bMacmillan
_c1934
546 _aEnglish
942 _2ddc
_cBK
999 _c52218
_d52218
005 20220125170855.0